[Event "Open 2004"]
[Site "Navalmoral de la Mata"]
[Date "2004.12.07"]
[Round "7.5"]
[White "Epishin, Vladimir"]
[Black "Komljenovic, Davor"]
[Result "1-0"]
[WhiteElo "2599"]
[BlackElo "2479"]
[PlyCount "32"]
[EventDate "2004.12.04"]
[Source "Roberto Alvarez"]
[SourceDate "2004.12.13"]

1. d4 d5 2. c4 e6 3. Nc3 Nf6 4. cxd5 exd5 5. Bg5 c6 6. e3 Bf5 7. Qf3 Bg6 8. Bxf6 Qxf6 9. Qxf6 gxf6 10. Nf3 Nd7 11. Be2 Nb6 12. O-O Be7 13. Rfe1 O-O-O 14. g3 Nc4 15. e4 Nxb2 16. exd5 cxd5 1-0

[Event "FRA-chT"]
[Site "FRA"]
[Date "1998.02.08"]
[Round "3"]
[White "Vaisser, Anatoli"]
[Black "Legky, Nikolay A"]
[Result "1/2-1/2"]
[WhiteElo "2595"]
[BlackElo "2480"]
[PlyCount "29"]
[EventDate "1998.02.06"]
[Source "ChessBase"]
[SourceDate "1998.07.07"]

1. d4 d5 2. c4 e6 3. Nc3 Nf6 4. cxd5 exd5 5. Bg5 c6 6. e3 Be7 7. Bd3 Nbd7 8. Nge2 Nh5 9. Bxe7 Qxe7 10. g4 Nhf6 11. Ng3 g6 12. g5 Ng8 13. h4 Nb6 14. Qe2 Be6 15. O-O-O 1/2-1/2

[Event "RUS-ch"]
[Site "Elista"]
[Date "1996.??.??"]
[Round "3"]
[White "Shariyazdanov, Andrey"]
[Black "Kharlov, Andrei"]
[Result "1/2-1/2"]
[WhiteElo "2470"]
[BlackElo "2605"]
[PlyCount "34"]
[EventDate "1996.10.15"]
[Source "ChessBase"]

1. d4 d5 2. c4 e6 3. Nc3 Nf6 4. cxd5 exd5 5. Bg5 c6 6. e3 Bf5 7. Qf3 Bg6 8. Bxf6 Qxf6 9. Qxf6 gxf6 10. O-O-O Nd7 11. h4 Nb6 12. h5 Bf5 13. Nf3 Bg4 14. Be2 Bxf3 15. gxf3 h6 16. Bd3 Bd6 17. f4 Nc8 1/2-1/2

[Event "EU-chT (Men)"]
[Site "Plovdiv"]
[Date "1983.??.??"]
[Round "4"]
[White "Portisch, Lajos"]
[Black "Tringov, Georgi P"]
[Result "1-0"]
[WhiteElo "2620"]
[BlackElo "2455"]
[PlyCount "115"]
[EventDate "1983.06.??"]
[Source "ChessBase"]

1. d4 d5 2. c4 e6 3. Nc3 Nf6 4. cxd5 exd5 5. Bg5 Nbd7 6. e3 Bb4 7. Bd3 c5 8. Nge2 c4 9. Bc2 O-O 10. O-O Qa5 11. a3 Bxc3 12. Nxc3 Re8 13. Qd2 b6 14. f3 Bb7 15. Rae1 h6 16. Bh4 b5 17. e4 Qb6 18. Kh1 a5 19. e5 Nh7 20. b4 axb4 21. axb4 Nb8 22. Bf2 Na6 23. Rb1 Bc6 24. f4 Qd8 25. Ne2 Nc7 26. Ng3 Bd7 27. Ra1 Qe7 28. f5 f6 29. e6 Bc6 30. h4 Rxa1 31. Rxa1 Ra8 32. Rxa8+ Nxa8 33. Be1 Qd6 34. Nh5 Nb6 35. Bg3 Qd8 36. Qe3 Na4 37. Nf4 Be8 38. Kh2 Nb6 39. Ng6 Nc8 40. Nf4 Ne7 41. Qf3 Qa8 42. Nh5 Qa7 43. Qg4 Nc8 44. Kh3 Qe7 45. Be1 Nd6 46. Nf4 Bc6 47. Qg3 Nf8 48. Bd2 Kh7 49. Kh2 Ne8 50. Bd1 Nc7 51. Nh5 Ne8 52. Kh3 Nd6 53. Bc2 Ne4 54. Bxe4 dxe4 55. Bf4 Nxe6 56. Qg6+ Kh8 57. fxe6 Be8 58. Qxg7+ 1-0

[Event "RUS-ch"]
[Site "Elista"]
[Date "1994.??.??"]
[Round "9"]
[White "Yakovich, Yuri"]
[Black "Burmakin, Vladimir"]
[Result "0-1"]
[WhiteElo "2515"]
[BlackElo "2555"]
[PlyCount "116"]
[EventDate "1994.09.??"]
[Source "ChessBase"]

1. d4 d5 2. c4 e6 3. Nc3 Nf6 4. cxd5 exd5 5. Bg5 Be7 6. e3 Nbd7 7. Bd3 h6 8. Bf4 O-O 9. Nf3 b6 10. O-O Bb7 11. Ne5 Ne4 12. Rc1 Nxe5 13. Bxe5 Bd6 14. Nb5 Bxe5 15. dxe5 Nc5 16. Be2 Qe7 17. f4 f6 18. b4 Na6 19. Bf3 Kh8 20. Qd4 fxe5 21. Qxe5 Rae8 22. Nxc7 Qxe5 23. fxe5 Rxe5 24. Nxa6 Bxa6 25. Rfe1 Bc4 26. a3 b5 27. Rcd1 g5 28. e4 Rfe8 29. Rd4 Kg7 30. Kf2 Kg6 31. g3 R8e7 32. Re3 Kg7 33. Re1 Rf7 34. Kg2 Rfe7 35. Re3 Kg6 36. Kf2 Re8 37. Ke1 h5 38. Kd2 g4 39. Bg2 Kg5 40. Ke1 h4 41. h3 gxh3 42. gxh4+ Kxh4 43. Rxh3+ Kg5 44. Re3 Kf4 45. Rf3+ Kg5 46. Re3 Rf5 47. Rg3+ Kf6 48. Re3 Rg5 49. Kf2 Reg8 50. Bh3 Ke5 51. Rxd5+ Bxd5 52. exd5+ Kd6 53. Re6+ Kxd5 54. Ra6 R8g7 55. a4 bxa4 56. Rxa4 Kc4 57. Bf1+ Kb3 58. Bb5 Rxb5 0-1

[Event "Sochi"]
[Site "Sochi RUS"]
[Date "1987.??.??"]
[Round "?"]
[White "Bareev, Evgeny I"]
[Black "Sveshnikov, Evgeny E"]
[Result "1/2-1/2"]
[WhiteElo "2535"]
[BlackElo "2535"]
[PlyCount "26"]
[EventDate "1987.10.??"]
[Source "www.chesslib.no"]
[SourceDate "2004.05.04"]

1. d4 d5 2. c4 e6 3. Nc3 Nf6 4. cxd5 exd5 5. Bg5 c6 6. e3 Be7 7. Bd3 Nbd7 8. Qd2 Nf8 9. Nge2 Ne6 10. Bh4 g6 11. f3 O-O 12. Rd1 Nh5 13. Bf2 f5 1/2-1/2

[Event "Camp. spagnolo a squadre - Gruppo I"]
[Site "Cala Mayor SPA"]
[Date "2008.09.03"]
[Round "1"]
[White "Salgado Lopez, I."]
[Black "Perez Candelario, Man"]
[Result "1/2-1/2"]
[WhiteElo "2532"]
[BlackElo "2537"]
[PlyCount "65"]
[EventDate "2008.09.03"]
[Source "www.chesslib.no"]
[SourceDate "2004.05.04"]

1. d4 d5 2. c4 e6 3. Nc3 Nf6 4. cxd5 exd5 5. Bg5 Be7 6. e3 Nbd7 7. Qc2 O-O 8. Bd3 Re8 9. Nge2 Nf8 10. O-O g6 11. b4 a6 12. a4 Ne6 13. Bh4 Ng4 14. Bxe7 Rxe7 15. h3 Nf6 16. b5 a5 17. Rad1 Qd6 18. Rfe1 Bd7 19. Qb3 Rae8 20. Ra1 Bc8 21. Qa3 Qd8 22. Rab1 h5 23. b6 c6 24. Nd1 Bd7 25. Qc3 Qa8 26. f3 Ng7 27. Rb3 g5 28. Qd2 Qc8 29. Kf2 Qb8 30. Rh1 Qa8 31. Rc3 Qd8 32. Rb3 Qa8 33. Rc3 1/2-1/2

[Event "Linares Anibal op 4th"]
[Site "Linares"]
[Date "1997.??.??"]
[Round "5"]
[White "Hauchard, Arnaud"]
[Black "Kharlov, Andrei"]
[Result "1/2-1/2"]
[WhiteElo "2510"]
[BlackElo "2555"]
[PlyCount "44"]
[EventDate "1997.02.??"]
[Source "ChessBase"]

1. d4 d5 2. c4 e6 3. Nc3 Nf6 4. cxd5 exd5 5. Bg5 c6 6. e3 Bf5 7. Qf3 Bg6 8. Bxf6 Qxf6 9. Qxf6 gxf6 10. Kd2 Nd7 11. Bd3 Nb6 12. b3 Bb4 13. Nge2 Nc8 14. h4 Nd6 15. h5 Bxd3 16. Kxd3 Bxc3 17. Nxc3 Rg8 18. Rag1 f5 19. f3 h6 20. Ke2 Kd7 21. Kf2 Rg5 22. Ne2 a5 1/2-1/2

[Event "Elista ol (Men)"]
[Site "Elista"]
[Date "1998.10.09"]
[Round "10"]
[White "Vescovi, Giovanni P"]
[Black "Barua, Dibyendu"]
[Result "1/2-1/2"]
[WhiteElo "2525"]
[BlackElo "2540"]
[PlyCount "79"]
[EventDate "1998.09.29"]
[Source "ChessBase"]
[SourceDate "1998.11.06"]

1. d4 d5 2. c4 e6 3. Nc3 Nf6 4. cxd5 exd5 5. Bg5 c6 6. e3 Qb6 7. Qc2 Ne4 8. Bf4 Na6 9. a3 Qa5 10. Rc1 Bf5 11. Bd3 Nxc3 12. Qxc3 Qxc3+ 13. Rxc3 Bxd3 14. Rxd3 Kd7 15. Ne2 Nc7 16. Bxc7 Kxc7 17. Nc3 Bd6 18. Ke2 f5 19. h4 Kd7 20. Kf3 g6 21. g3 h6 22. Rdd1 Rab8 23. Ne2 g5 24. hxg5 hxg5 25. g4 Ke6 26. Ng3 Bxg3 27. Kxg3 Rbf8 28. gxf5+ Kxf5 29. f3 Re8 30. Kf2 a5 31. b3 Ref8 32. Ke2 a4 33. bxa4 Ra8 34. Rxh8 Rxh8 35. Rb1 Rh2+ 36. Kd3 Ra2 37. Rb3 Ke6 38. e4 Rf2 39. Ke3 Ra2 40. Kd3 1/2-1/2

[Event "XXXII Open"]
[Site "Siviglia SPA"]
[Date "2007.01.13"]
[Round "7"]
[White "Burmakin, V."]
[Black "Krivoshey, S."]
[Result "1/2-1/2"]
[WhiteElo "2568"]
[BlackElo "2496"]
[PlyCount "23"]
[EventDate "2007.01.07"]
[Source "www.chesslib.no"]
[SourceDate "2004.05.04"]

1. d4 d5 2. c4 e6 3. Nc3 Nf6 4. cxd5 exd5 5. Bf4 Bd6 6. Bxd6 Qxd6 7. e3 c6 8. Nf3 Bf5 9. Bd3 Bxd3 10. Qxd3 O-O 11. O-O Nbd7 12. h3 1/2-1/2

[Event "Pardubice"]
[Site "?"]
[Date "2006.07.26"]
[Round "6.9"]
[White "Potkin Vladimir"]
[Black "Jakubowski Krzysztof"]
[Result "1/2-1/2"]
[WhiteElo "2556"]
[BlackElo "2507"]
[PlyCount "57"]
[EventDate "2006.??.??"]
[Source "www.chesslib.no"]
[SourceDate "2004.05.04"]

1. d4 d5 2. c4 e6 3. Nc3 Nf6 4. cxd5 exd5 5. Bg5 c6 6. e3 Qb6 7. Qc2 Ne4 8. Nxe4 dxe4 9. f4 Be6 10. Ne2 f5 11. Nc3 Na6 12. a3 Bb3 13. Qd2 h5 14. Be2 Nc7 15. O-O a5 16. Rac1 Bd6 17. g3 a4 18. h3 Kf7 19. Kg2 Nd5 20. Nxd5 Bxd5 21. g4 hxg4 22. hxg4 g6 23. Rh1 Ke6 24. Rcg1 Raf8 25. Kf2 Kd7 26. Qc2 Qb3 27. Qxb3 Bxb3 28. gxf5 gxf5 29. Rh4 1/2-1/2

[Event "Dortmund op-A"]
[Site "Dortmund"]
[Date "1992.??.??"]
[Round "4"]
[White "Sakaev, Konstantin"]
[Black "Lputian, Smbat G"]
[Result "1/2-1/2"]
[WhiteElo "2500"]
[BlackElo "2560"]
[PlyCount "25"]
[EventDate "1992.04.??"]
[Source "ChessBase"]

1. d4 d5 2. c4 e6 3. Nc3 Nf6 4. cxd5 exd5 5. Bg5 c6 6. e3 Be7 7. Bd3 Bg4 8. f3 Bh5 9. Nh3 Bg6 10. Be2 Nbd7 11. Bh4 O-O 12. O-O Re8 13. Qd2 1/2-1/2

[Event "Bundesliga 9596"]
[Site "Germany"]
[Date "1996.??.??"]
[Round "?"]
[White "Hort, Vlastimil"]
[Black "Teske, Henrik"]
[Result "1/2-1/2"]
[WhiteElo "2550"]
[BlackElo "2510"]
[PlyCount "85"]
[EventDate "1995.10.??"]
[Source "ChessBase"]
[SourceDate "1999.07.01"]

1. d4 d5 2. c4 e6 3. Nc3 Nf6 4. cxd5 exd5 5. Bg5 c6 6. e3 Nbd7 7. Bd3 Be7 8. Nge2 Nh5 9. Bxe7 Qxe7 10. g4 Nhf6 11. Ng3 Nf8 12. h3 Be6 13. Qa4 Ng6 14. O-O-O O-O 15. Kb1 c5 16. Nf5 Qc7 17. dxc5 Qxc5 18. Nd4 Ne5 19. f4 Nc4 20. g5 Bd7 21. Qb3 Nxe3 22. gxf6 g6 23. Be2 Nxd1 24. Qxd1 Qd6 25. Nc2 Bf5 26. Bd3 Bxd3 27. Qxd3 Qxf6 28. Nxd5 Qd6 29. Nce3 Rad8 30. Rd1 Qe6 31. f5 Qd6 32. Qd4 f6 33. Ng4 Kg7 34. fxg6 hxg6 35. Qxa7 Qc6 36. Qd4 Rd6 37. a3 Rfd8 38. Nge3 Re8 39. Rc1 Qd7 40. Qc4 Qxh3 41. Qc5 Rc6 42. Qd4 Qe6 43. Qf4 1/2-1/2

[Event "EU-ch 3rd"]
[Site "Batumi"]
[Date "2002.06.12"]
[Round "1"]
[White "Volkov, Sergey"]
[Black "Jirovsky, Milos"]
[Result "1-0"]
[WhiteElo "2609"]
[BlackElo "2446"]
[PlyCount "191"]
[EventDate "2002.06.12"]
[Source "ChessBase"]
[SourceDate "2002.09.20"]

1. d4 d5 2. c4 e6 3. Nc3 Nf6 4. cxd5 exd5 5. Bg5 c6 6. e3 Bf5 7. Qf3 Bg6 8. Bxf6 Qxf6 9. Qxf6 gxf6 10. h4 h5 11. Nge2 Bd6 12. g3 Nd7 13. Nf4 Nb6 14. O-O-O Kf8 15. Bd3 Bxf4 16. gxf4 Bxd3 17. Rxd3 Re8 18. Ne2 Nc4 19. Ng3 Nd6 20. Ra3 a6 21. Rb3 Ke7 22. Kd2 Kd7 23. Ke2 Kc7 24. Rc3 f5 25. Rcc1 Reg8 26. Rcg1 Kd7 27. Nf1 Ke6 28. f3 Nc8 29. Rg5 f6 30. Rxg8 Rxg8 31. Kf2 Nd6 32. Ng3 Rh8 33. Rg1 Kf7 34. Ne2 Rh7 35. b3 Rh8 36. Ke1 a5 37. a4 Nc8 38. Kf2 Ne7 39. Ng3 Ke6 40. Rb1 Rh7 41. Kg2 Kd7 42. b4 axb4 43. Rxb4 Kc7 44. a5 Kb8 45. Kf2 Ka7 46. Ke2 Rg7 47. Kf2 Rh7 48. Rb1 Rh8 49. Ke2 Rh6 50. Rb3 Rg6 51. Kf2 Rh6 52. Rb2 Rh7 53. Rb1 Rh6 54. Kf1 Rg6 55. Kg2 Rh6 56. Kf2 Rh7 57. Ke2 Rh6 58. Kd3 Rg6 59. Nxh5 Rh6 60. Ng7 Rxh4 61. Ne8 Nc8 62. Nxf6 Nd6 63. Nd7 Rh2 64. Nc5 Ra2 65. Nb3 Rf2 66. Nd2 Ka6 67. Ra1 Kb5 68. e4 fxe4+ 69. fxe4 Rxf4 70. e5 Nf5 71. Rb1+ Ka6 72. Nb3 Rf3+ 73. Ke2 Rh3 74. Kf2 b6 75. e6 Nd6 76. e7 Rh8 77. Rc1 Re8 78. Rxc6 Ne4+ 79. Kf3 Rxe7 80. Rxb6+ Ka7 81. Kf4 Nc3 82. Rc6 Ne2+ 83. Kg5 Re3 84. Rb6 Re7 85. Kf6 Rb7 86. Rxb7+ Kxb7 87. Nc5+ Kc6 88. a6 Kb6 89. Ke5 Nc3 90. Kd6 Ka7 91. Kc6 Kb8 92. Kb6 Ka8 93. a7 Na4+ 94. Ka6 Nb6 95. Ne6 Nc8 96. Nc7# 1-0

[Event "Ubeda op"]
[Site "Ubeda"]
[Date "1998.01.26"]
[Round "7"]
[White "Vera, Reynaldo"]
[Black "Barua, Dibyendu"]
[Result "1/2-1/2"]
[WhiteElo "2535"]
[BlackElo "2520"]
[PlyCount "92"]
[EventDate "1998.01.20"]
[Source "ChessBase"]
[SourceDate "1998.03.09"]

1. d4 d5 2. c4 e6 3. Nc3 Nf6 4. cxd5 exd5 5. Bg5 c6 6. e3 h6 7. Bh4 Qb6 8. Rb1 Ne4 9. Bd3 g5 10. Bg3 Nxg3 11. hxg3 Bg7 12. b4 Qd8 13. Qc2 O-O 14. Bh7+ Kh8 15. Bf5 Re8 16. Nf3 Kg8 17. O-O Bxf5 18. Qxf5 Nd7 19. b5 Nb6 20. bxc6 bxc6 21. Qc2 Rb8 22. Na4 Qd6 23. Nc5 Nc4 24. Rb3 Rb6 25. Nd2 Nxd2 26. Qxd2 Reb8 27. Qa5 Qe7 28. Rfb1 Rxb3 29. axb3 Rb5 30. Qa6 Qc7 31. Rc1 Ra5 32. Qb7 Qxb7 33. Nxb7 Rb5 34. Nd8 Rxb3 35. Nxc6 Rb7 36. Ra1 Bf8 37. Rxa7 Rb1+ 38. Kh2 Rb2 39. f3 Re2 40. Ne7+ Bxe7 41. Rxe7 Kf8 42. Rd7 Rxe3 43. Rxd5 Rd3 44. Kh3 Ke7 45. Kg4 Ke6 46. Re5+ Kf6 1/2-1/2

[Event "RUS-Cup8"]
[Site "Smolensk"]
[Date "1997.??.??"]
[Round "5"]
[White "Aleksandrov, Aleksej"]
[Black "Dokutchaev, Aleksander"]
[Result "1-0"]
[WhiteElo "2615"]
[BlackElo "2440"]
[PlyCount "51"]
[EventDate "1997.06.13"]
[Source "ChessBase"]
[SourceDate "1997.07.29"]

1. d4 d5 2. c4 e6 3. Nc3 Nf6 4. cxd5 exd5 5. Bg5 c6 6. e3 Bf5 7. Qf3 Be6 8. Bxf6 Qxf6 9. Qxf6 gxf6 10. Bd3 Nd7 11. Nge2 Nb6 12. Ng3 Bd6 13. O-O-O O-O-O 14. Nf5 Bf8 15. g4 Kc7 16. Ne2 Nc8 17. h3 Nd6 18. Nfg3 Bh6 19. Rdg1 Rhg8 20. Rh2 Bg5 21. Kd2 Bh4 22. f3 Rge8 23. Nh5 Bc8 24. Nef4 f5 25. gxf5 h6 26. Rg7 1-0

[Event "Passau"]
[Site "?"]
[Date "1994.??.??"]
[Round "?"]
[White "Dydyshko, V."]
[Black "Smagin, S."]
[Result "0-1"]
[WhiteElo "2505"]
[BlackElo "2545"]
[PlyCount "74"]
[EventDate "1994.??.??"]
[Source "ChessBase"]
[SourceDate "1994.02.01"]

1. d4 d5 2. c4 e6 3. Nc3 Nf6 4. cxd5 exd5 5. Bg5 Be7 6. e3 Nbd7 7. Bd3 Nb6 8. h3 c6 9. Nf3 Nc4 10. Bxc4 dxc4 11. Ne5 Be6 12. O-O h6 13. Bh4 g5 14. Bg3 h5 15. Qe2 g4 16. h4 Nd7 17. Nxc4 Bxc4 18. Qxc4 Nb6 19. Qb3 Bxh4 20. Rad1 Bxg3 21. fxg3 Qe7 22. e4 h4 23. Rf5 O-O-O 24. Rxf7 Qg5 25. Qe6+ Rd7 26. Rf4 hxg3 27. Qxg4 Qh6 28. Qh3 Qxf4 29. Qxh8+ Rd8 30. Qh3+ Nd7 31. Kh1 Qf2 32. e5 Rf8 33. Rg1 Qxd4 34. e6 Rh8 35. exd7+ Kd8 36. Rf1 Rxh3+ 37. gxh3 Qd2 0-1

[Event "Lost Boys op"]
[Site "Amsterdam"]
[Date "2000.08.19"]
[Round "9"]
[White "Van der Sterren, Paul"]
[Black "Meijers, Viesturs"]
[Result "1-0"]
[WhiteElo "2569"]
[BlackElo "2478"]
[PlyCount "81"]
[EventDate "2000.08.05"]
[Source "ChessBase"]
[SourceDate "2000.09.14"]

1. d4 d5 2. c4 e6 3. Nc3 Nf6 4. cxd5 exd5 5. Bg5 Be7 6. e3 Nbd7 7. Bd3 O-O 8. Nge2 Re8 9. O-O b6 10. Bb5 Bb7 11. Bxf6 gxf6 12. Qa4 a6 13. Bxd7 b5 14. Bxb5 axb5 15. Qxb5 Ba6 16. Qb3 Bd6 17. Qc2 c6 18. Rfe1 Kh8 19. Ng3 Rg8 20. e4 Rg5 21. Qd2 Qg8 22. f4 Rg4 23. e5 fxe5 24. fxe5 Be7 25. Nf5 Bg5 26. Qd1 Bf4 27. Qf3 Qg6 28. Nd6 Rg8 29. Kh1 h6 30. g3 Qh5 31. Ne2 Bxe2 32. Rxe2 Bxg3 33. Rg2 Bf4 34. Rf1 R8g7 35. Nxf7+ Kg8 36. Qe2 Qh3 37. Rxg4 Rxg4 38. e6 Kg7 39. e7 Bxh2 40. Qxg4+ Qxg4 41. e8=Q 1-0

[Event "Raipur IND"]
[Site "?"]
[Date "2002.03.??"]
[Round "5"]
[White "Shariyazdanov Andrey"]
[Black "Barua Dibyendu"]
[Result "1/2-1/2"]
[WhiteElo "2532"]
[BlackElo "2515"]
[PlyCount "49"]
[EventDate "2002.??.??"]
[Source "www.chesslib.no"]
[SourceDate "2004.05.04"]

1. d4 d5 2. c4 e6 3. Nc3 Nf6 4. cxd5 exd5 5. Bg5 c6 6. e3 Bf5 7. Qf3 Bg6 8. Bxf6 Qxf6 9. Qxf6 gxf6 10. h4 h6 11. O-O-O Nd7 12. Bd3 Bxd3 13. Rxd3 Rg8 14. g3 f5 15. Kd2 Nf6 16. Ke2 Bd6 17. Kf3 Ne4 18. Nge2 Kd7 19. Rb1 a5 20. Rc1 a4 21. a3 b5 22. Na2 Be7 23. Rc2 Nd6 24. Rd1 Nc4 25. Nec1 1/2-1/2

[Event "Osuna Open"]
[Site "Osuna"]
[Date "1991.??.??"]
[Round "?"]
[White "Yakovich, Yuri"]
[Black "Campora, Daniel H"]
[Result "1/2-1/2"]
[WhiteElo "2530"]
[BlackElo "2515"]
[PlyCount "47"]
[EventDate "1991.??.??"]
[Source "www.chesslib.no"]
[SourceDate "2004.05.04"]

1. d4 d5 2. c4 e6 3. Nc3 Nf6 4. cxd5 exd5 5. Bg5 Be7 6. e3 Nbd7 7. Bd3 Nf8 8. Nge2 Ne6 9. Bh4 O-O 10. O-O c6 11. Rb1 a5 12. Qc2 g6 13. Rbd1 Re8 14. f3 Qb6 15. Kh1 Ng4 16. Na4 Qa7 17. Bxe7 Nxe3 18. Bc5 Nxc5 19. Qxc5 Qxc5 20. Nxc5 Nxf1 21. Rxf1 b6 22. Na4 Rb8 23. Nec3 Kf8 24. Kg1 1/2-1/2

[Event "Doha Open"]
[Site "Doha QAT"]
[Date "1992.??.??"]
[Round "5"]
[White "Kuzmin, Alexey"]
[Black "Vasiukov, Evgeni A"]
[Result "1/2-1/2"]
[WhiteElo "2545"]
[BlackElo "2495"]
[PlyCount "31"]
[EventDate "1992.??.??"]
[Source "www.chesslib.no"]
[SourceDate "2004.05.04"]

1. d4 d5 2. c4 e6 3. Nc3 Nf6 4. cxd5 exd5 5. Bg5 Be7 6. e3 c6 7. Nf3 Bf5 8. Bd3 Bxd3 9. Qxd3 Nbd7 10. O-O O-O 11. Rfe1 Ne4 12. Bxe7 Qxe7 13. Nd2 Ndf6 14. Ndxe4 Nxe4 15. Nxe4 dxe4 16. Qc3 1/2-1/2

[Event "BL2-W9899"]
[Site "Germany"]
[Date "1999.02.21"]
[Round "6.1"]
[White "Kishnev, Sergey"]
[Black "Chuchelov, Vladimir"]
[Result "1/2-1/2"]
[WhiteElo "2500"]
[BlackElo "2534"]
[PlyCount "33"]
[EventDate "1998.10.??"]
[Source "www.chesslib.no"]
[SourceDate "2004.05.04"]

1. d4 d5 2. c4 e6 3. Nc3 Nf6 4. cxd5 exd5 5. Bg5 c6 6. e3 Bf5 7. Qb3 Qb6 8. Qxb6 axb6 9. Bxf6 gxf6 10. Nge2 Nd7 11. Ng3 Bg6 12. h4 h6 13. Kd2 Bd6 14. Bd3 Bxd3 15. Kxd3 Bxg3 16. fxg3 Rg8 17. Ne2 1/2-1/2

[Event "Baunatal op 7th"]
[Site "?"]
[Date "2001.08.14"]
[Round "6"]
[White "Epishin Vladimir"]
[Black "Meijers Viesturs"]
[Result "1-0"]
[WhiteElo "2583"]
[BlackElo "2449"]
[PlyCount "93"]
[EventDate "2001.??.??"]
[Source "www.chesslib.no"]
[SourceDate "2004.05.04"]

1. d4 d5 2. c4 e6 3. Nc3 Nf6 4. cxd5 exd5 5. Bg5 Be7 6. e3 Nbd7 7. Nf3 O-O 8. Bd3 b6 9. Qe2 c5 10. Rd1 c4 11. Bb1 Bb7 12. Ne5 a6 13. O-O b5 14. a3 Re8 15. f4 Nf8 16. Qf3 Qb6 17. Bxf6 Qxf6 18. Nxd5 Qe6 19. Be4 Bd6 20. f5 Qh6 21. f6 Bxe5 22. dxe5 Bxd5 23. Bxd5 Ra7 24. e6 Rxe6 25. Bxe6 Nxe6 26. Qg3 Ra8 27. Rd6 Qg5 28. Qf3 Ra7 29. fxg7 Qxg7 30. Qd5 Qg5 31. Qxg5+ Nxg5 32. Rfd1 Ne6 33. Rd7 Ra8 34. Rf1 Nd8 35. Rf6 Kf8 36. Rb6 Kg8 37. Re7 Ne6 38. Reb7 Nc5 39. Rb8+ Rxb8 40. Rxb8+ Kg7 41. Rb6 Na4 42. Rxa6 Nxb2 43. Kf1 c3 44. Ke2 f5 45. Rc6 Nc4 46. a4 c2 47. Rxc4 1-0

[Event "Bundesliga 0001"]
[Site "Germany"]
[Date "2001.03.11"]
[Round "11.2"]
[White "Doettling, Fabian"]
[Black "Boensch, Uwe"]
[Result "1/2-1/2"]
[WhiteElo "2473"]
[BlackElo "2558"]
[PlyCount "60"]
[EventDate "2000.10.14"]
[Source "ChessBase"]
[SourceDate "2001.07.03"]

1. d4 d5 2. c4 e6 3. Nc3 Nf6 4. cxd5 exd5 5. Bg5 c6 6. e3 Be7 7. Bd3 Nbd7 8. Nf3 Ne4 9. Bxe7 Qxe7 10. Bxe4 dxe4 11. Nd2 Nf6 12. Qc2 Bf5 13. O-O O-O 14. Rab1 h5 15. b4 Rac8 16. Rfc1 h4 17. h3 Nd5 18. Nxd5 cxd5 19. Qb2 Be6 20. a3 Qg5 21. Kh1 f5 22. Rxc8 Rxc8 23. Rc1 f4 24. Rxc8+ Bxc8 25. Qc3 Bd7 26. exf4 Qxf4 27. Kg1 Bb5 28. Qc5 Bc4 29. Nxc4 Qc1+ 30. Kh2 Qf4+ 1/2-1/2

[Event "Ljubljana Open"]
[Site "Ljubljana"]
[Date "1994.??.??"]
[Round "?"]
[White "Ryskin, Alexander"]
[Black "Burmakin, Vladimir"]
[Result "1-0"]
[WhiteElo "2500"]
[BlackElo "2530"]
[PlyCount "65"]
[EventDate "1994.06.??"]
[Source "www.chesslib.no"]
[SourceDate "2004.05.04"]

1. d4 d5 2. c4 e6 3. Nc3 Nf6 4. cxd5 exd5 5. Bg5 Be7 6. e3 h6 7. Bh4 O-O 8. Bd3 b6 9. Nge2 Nbd7 10. O-O c5 11. dxc5 bxc5 12. Rc1 Bb7 13. Bf5 Nb6 14. Qc2 Qe8 15. Qb3 Qc6 16. Bxf6 Qxf6 17. Bb1 Rfd8 18. Rfd1 g6 19. a4 Rab8 20. Qc2 d4 21. Ne4 Bxe4 22. Qxe4 Nc4 23. exd4 Nxb2 24. Re1 cxd4 25. Nf4 Bb4 26. Rc6 Rd6 27. Nd5 Qe6 28. Rxd6 Qxd6 29. Qxd4 Bc5 30. Qe4 Nxa4 31. Ba2 Nb6 32. Nf4 Kg7 33. Bc4 1-0

[Event "Kuala Lumpur op"]
[Site "Kuala Lumpur"]
[Date "1992.??.??"]
[Round "4"]
[White "Hodgson, Julian M"]
[Black "Thipsay, Praveen Mahadeo"]
[Result "1-0"]
[WhiteElo "2545"]
[BlackElo "2485"]
[PlyCount "73"]
[EventDate "1992.??.??"]
[Source "ChessBase"]

1. d4 d5 2. c4 e6 3. Nc3 Nf6 4. cxd5 exd5 5. Bg5 Be7 6. e3 O-O 7. Bd3 Nbd7 8. Qc2 Re8 9. Nge2 Nf8 10. O-O-O c6 11. f3 b5 12. Kb1 a5 13. Bxf6 Bxf6 14. e4 dxe4 15. fxe4 Bxd4 16. Bxb5 cxb5 17. Nxd4 Bg4 18. Rd2 b4 19. Nc6 Qb6 20. Nd5 Qb7 21. Qc5 Rxe4 22. Nde7+ Kh8 23. Qd5 Rf4 24. Ne5 Qxd5 25. Nxd5 Re4 26. Nxf7+ Kg8 27. Nh6+ Kh8 28. Nc7 Rb8 29. Nxg4 Rxg4 30. Rhd1 Kg8 31. b3 h5 32. g3 h4 33. gxh4 Rxh4 34. Re1 Rb7 35. Re7 Ne6 36. Re8+ Kf7 37. Rd7+ 1-0

[Event "FRA-ch"]
[Site "Narbonne"]
[Date "1997.08.23"]
[Round "8"]
[White "Chabanon, Jean Luc"]
[Black "Vaisser, Anatoli"]
[Result "1/2-1/2"]
[WhiteElo "2455"]
[BlackElo "2575"]
[PlyCount "30"]
[EventDate "1997.08.15"]
[Source "ChessBase"]
[SourceDate "1997.11.23"]

1. d4 d5 2. c4 e6 3. Nc3 Nf6 4. cxd5 exd5 5. Bg5 c6 6. e3 Bf5 7. Bd3 Bxd3 8. Qxd3 Nbd7 9. Nf3 Be7 10. O-O O-O 11. Rab1 a5 12. a3 Ne4 13. Bf4 f5 14. h3 Bd6 15. Bxd6 Nxd6 1/2-1/2

[Event "7th BayEM"]
[Site "Bad Wiessee"]
[Date "2003.11.15"]
[Round "8"]
[White "Landa, Konstantin"]
[Black "Skembris, Spyridon"]
[Result "1-0"]
[WhiteElo "2587"]
[BlackElo "2439"]
[PlyCount "154"]
[EventDate "2003.11.08"]
[Source "Roberto Alvarez"]
[SourceDate "2003.11.17"]

1. d4 d5 2. c4 e6 3. Nc3 Nf6 4. cxd5 exd5 5. Bg5 c6 6. e3 Nbd7 7. Bd3 Be7 8. h3 Nf8 9. Qc2 Ne6 10. Bh4 g6 11. Nf3 Ng7 12. O-O O-O 13. Rab1 a5 14. Na4 Bf5 15. Nc5 Bxd3 16. Qxd3 Ra7 17. Qb3 Ne4 18. Nxe4 dxe4 19. Bxe7 Qxe7 20. Ne5 a4 21. Qc3 Ne6 22. Rbd1 f6 23. Nc4 Nc7 24. Nb6 Ra6 25. Nxa4 Nd5 26. Qb3 Rfa8 27. Nc3 Ra5 28. a3 Kg7 29. Rc1 g5 30. Nxd5 Rxd5 31. Rc5 Rxc5 32. dxc5 Rd8 33. Rd1 Rxd1+ 34. Qxd1 Qxc5 35. Qd7+ Kg6 36. Qxb7 Qc1+ 37. Kh2 Qc2 38. Qe7 Qxf2 39. Qxe4+ Kg7 40. b4 h5 41. Qxc6 Qxe3 42. Qc7+ Kh6 43. Qd6 Kg6 44. b5 h4 45. b6 g4 46. hxg4 h3 47. Qg3 Qxb6 48. Qd3+ Kg5 49. Kxh3 Kh6 50. a4 Qb4 51. Qb5 Qc3+ 52. Kh2 Qc7+ 53. Kg1 Qc1+ 54. Qf1 Qc5+ 55. Qf2 Qc1+ 56. Kh2 Kg7 57. Qd4 Kg6 58. Qe4+ Kg7 59. Qd4 Kg6 60. Qd3+ Kg7 61. Qd7+ Kh6 62. Qf5 Qc7+ 63. Kh3 Qc3+ 64. Qf3 Qc1 65. a5 Qh1+ 66. Kg3 Qe1+ 67. Qf2 Qc3+ 68. Kh2 Qe5+ 69. Kh3 Qc3+ 70. Qf3 Qa1 71. Qe3+ Kg6 72. Qd3+ Kg5 73. Qb5+ Kg6 74. Qd3+ Kg5 75. Qb5+ Kg6 76. a6 Qc3+ 77. Kh2 Qc7+ 1-0

[Event "CZE-chT 0102"]
[Site "?"]
[Date "2002.04.06"]
[Round "10"]
[White "Neverov Valeriy"]
[Black "Jirovsky Milos"]
[Result "1-0"]
[WhiteElo "2578"]
[BlackElo "2447"]
[PlyCount "95"]
[EventDate "2002.??.??"]
[Source "www.chesslib.no"]
[SourceDate "2004.05.04"]

1. d4 d5 2. c4 e6 3. Nc3 Nf6 4. cxd5 exd5 5. Bg5 c6 6. e3 Bf5 7. Qf3 Bg6 8. Bxf6 Qxf6 9. Qxf6 gxf6 10. h4 Nd7 11. h5 Bf5 12. Nf3 h6 13. Nh4 Bh7 14. O-O-O Rg8 15. Bd3 Bxd3 16. Rxd3 Rg5 17. Ne2 Nb6 18. f3 Kd7 19. g4 Bd6 20. Nf5 Rh8 21. Nc3 Bb4 22. Ne2 Bd6 23. Rg1 Nc8 24. e4 Bc7 25. Rb3 dxe4 26. fxe4 Bb6 27. Rf3 Bd8 28. Nc3 Nd6 29. Nxd6 Kxd6 30. Kc2 Rhg8 31. e5+ Kc7 32. Ne4 Rxg4 33. Rxg4 Rxg4 34. Kd3 Rh4 35. Nxf6 Bxf6 36. Rxf6 Rxh5 37. Rxf7+ Kc8 38. Ke4 Rh2 39. Kf5 Rxb2 40. e6 Kd8 41. Ke5 Rd2 42. Rxb7 a5 43. Rh7 a4 44. a3 Rd3 45. Rxh6 Kc7 46. Rh7+ Kb6 47. e7 Rxa3 48. Rh4 1-0